Statistiques concernant Harry Potter - Les ingrédients du Polynectar

Cliquez ici pour prendre le quiz!

Statistiques générales

  • Ce quiz a été pris 6 fois
  • Le résultat moyen est 4 sur 7

Statistiques - réponses

HintRéponse% Correct
7.Élément provenant du corps de la personne dont vous souhaitez prendre l'apparence (exemple : cheveux)
100%
6.Corne de bicorne en poudre
60%
4.Bottes de Polygonum
40%
3.Chrysopes cuitent au préalable durant 21 jours
40%
2.Peau de serpent d'arbre du Cap
40%
1.Sangsues
40%
5.Sisymbre (à cueillir à la pleine lune)
40%

Distribution des résultats

Percentile par nombre de réponses

% des personnes avec chaque résultat

Votre développement - résultats

Vous n’avez pas pris ce quiz